| 000 | 00419nam a2200181Ia 4500 | ||
|---|---|---|---|
| 001 | 3505 | ||
| 005 | 20260306145648.0 | ||
| 008 | 260306t2010||||xx |||||||||||||| ||spa|| | ||
| 041 | _aESP | ||
| 082 |
_a282.8 _bN47A |
||
| 100 |
_aNewman, John Henry _eAUT |
||
| 245 | 0 | _aSermones parroquiales / 1 | |
| 260 | _c2010 | ||
| 300 |
_a321 páginas : _c23 cm. |
||
| 650 | _aGEN | ||
| 654 | _aCHU | ||
| 942 |
_cLIB _dJUS _fJUS _2ddc _n |
||
| 999 |
_c3505 _d3505 |
||